[Event "TUR-ch op"]
[Site "Antalya"]
[Date "2008.02.04"]
[Round "1.6"]
[White "Albuz, Murat"]
[Black "Citak, Selim"]
[Result "0-1"]
[WhiteElo "1817"]
[BlackElo "2319"]
[PlyCount "88"]
[EventDate "2008.02.04"]
[EventType "swiss"]
[EventRounds "11"]
[EventCountry "TUR"]
[SourceTitle "CBM 122 Extra"]
[Source "ChessBase"]
[SourceDate "2008.03.04"]
[SourceVersion "1"]
[SourceVersionDate "2008.03.04"]
[SourceQuality "1"]

1. e4 e5 2. Nf3 Nc6 3. Bc4 Nf6 4. Ng5 d5 5. exd5 Nd4 6. c3 b5 7. Bf1 Nxd5 8. Ne4 Qh4 9. Ng3 Bg4 10. f3 e4 11. Bxb5+ Nxb5 12. fxg4 Bd6 13. 0-0 0-0 14. d4 Bxg3 15. hxg3 Qxg3 16. Qe2 e3 17. Qxb5 Nf4 18. Rxf4 Qxf4 19. Qe2 Rae8 20. Na3 f5 21. Nc4 Qf2+ 22. Qxf2 exf2+ 23. Kxf2 fxg4+ 24. Kg3 Re1 25. Ne3 h5 26. b3 g5 27. Nc2 Re2 28. Ne3 Rf4 29. Nd5 h4+ 30. Kh2 Rf1 31. Ne3 Rxe3 32. Bxe3 Rxa1 33. Bxg5 h3 34. gxh3 Rxa2+ 35. Kg3 gxh3 36. Kxh3 Ra3 37. d5 Rxb3 38. Bf6 Kf7 39. Be5 a5 40. Kg2 a4 41. c4 a3 42. Kf2 a2 43. c5 Rb1 44. d6 cxd6 0-1